00789nam a22002057a 450000500170000000800410001702000150005805000210007310000310009424000400012524501340016525000110029926000470031030000320035750000450038965000340043465000300046870000390049870000460053720230519124550.0150428b mx ||||| |||| 00| 0 spa d a970613052704aHG4011bG58 19991 aGitman, Lawrence J.eautor1 aBasic managerial financelEspañol10aAdministración financiera básica c / Lawrence J. Gitman ; traducción Jorge Cabrera Arellano, Patricia Santivañez Bronco. a3a ed. aMéxico :bOxford University Press,c1999 axix, 792 p. :bil.,c23 cm. aIncluye apéndices, glosario e índice 72lembaCorporacionesxFinanzas 72lembaEmpresas xFinanzas1 aCabrera Arellano, Jorge etaductor1 aSantivañez Bronco, Patricia etaductor